[Event "CYCC U08 w"]
[Site "Hamilton CAN"]
[Date "2022.07.11"]
[Round "7.6"]
[White "Pillai, Arya"]
[Black "Nagnibedovsky, Elizabeth"]
[Result "1-0"]
[WhiteElo "739"]
[BlackElo "747"]
[PlyCount "43"]
[EventDate "2022.07.08"]
[EventType "swiss"]
[EventRounds "5"]
[EventCountry "CAN"]

1. d4 d5 2. c4 c5 3. Nf3 Nc6 4. e3 cxd4 5. exd4 Bg4 6. Be3 e5 7. h3 Bb4+ 8. Nc3
Bf5 9. dxe5 Qa5 10. Bd2 Qc5 11. a3 Ba5 12. b4 Nxb4 13. axb4 Qxb4 14. Nxd5 Qc5
15. Rxa5 Qc6 16. Nd4 Qd7 17. Nxf5 Qxf5 18. Nc7+ Kf8 19. Nxa8 b6 20. Rxa7 Qxe5+
21. Be2 Qe4 22. Bb4+ 1-0

[Event "CYCC U10"]
[Site "Hamilton CAN"]
[Date "2022.07.08"]
[Round "1.1"]
[White "Lin, Austin"]
[Black "Mendes, Aaron Reeve"]
[Result "0-1"]
[WhiteElo "925"]
[BlackElo "2106"]
[PlyCount "72"]
[EventDate "2022.07.08"]
[EventType "swiss"]
[EventRounds "7"]
[EventCountry "CAN"]

1. e4 c5 2. Nf3 d6 3. d4 cxd4 4. Nxd4 Nf6 5. Nc3 a6 6. Bc4 e6 7. Bg5 Be7 8. O-O
O-O 9. h3 b5 10. Bd3 Bb7 11. Re1 Nbd7 12. a3 Rc8 13. Qd2 Nc5 14. b4 Ncd7 15.
Nb3 Qc7 16. Nd1 d5 17. exd5 Bxd5 18. Ne3 Ba8 19. Nf5 Bd8 20. Ne3 Ne5 21. Rac1
Qb7 22. Bf1 Ne4 23. Qd4 Nf3+ 24. gxf3 Nxg5 25. Bg2 Nxf3+ 26. Bxf3 Qxf3 27. Kf1
Qxh3+ 28. Ke2 Bf3+ 29. Kd2 Bf6 30. Qd3 Rfd8 31. Nd5 Rxd5 32. Qxd5 Bc3+ 33. Ke3
Bxd5+ 34. Ke2 Bc4+ 35. Kd1 Rd8+ 36. Nd4 Rxd4# 0-1

[Event "CYCC U10"]
[Site "Hamilton CAN"]
[Date "2022.07.08"]
[Round "1.2"]
[White "Marchand, Calix"]
[Black "Wang, Eric"]
[Result "1-0"]
[WhiteElo "1900"]
[BlackElo "918"]
[PlyCount "67"]
[EventDate "2022.07.08"]
[EventType "swiss"]
[EventRounds "7"]
[EventCountry "CAN"]

1. e4 e5 2. Nf3 Nc6 3. Bc4 Bc5 4. c3 Nf6 5. d4 exd4 6. cxd4 Bb4+ 7. Bd2 Bxd2+
8. Nbxd2 O-O 9. e5 Ne8 10. d5 Na5 11. Bd3 d6 12. b4 dxe5 13. bxa5 Qxd5 14. Qe2
Bg4 15. Bxh7+ Kh8 16. Qe4 Nf6 17. Qxd5 Nxd5 18. Be4 Bxf3 19. Nxf3 Nc3 20. Bxb7
Rae8 21. Bc6 Re6 22. Bb7 f6 23. O-O a6 24. Rfe1 Rb8 25. Rac1 Nxa2 26. Rxc7 Rd8
27. h3 Red6 28. Rc8 Rxc8 29. Bxc8 Nc3 30. Kh2 Rd5 31. Rc1 Ne4 32. Bb7 Rxa5 33.
Bxe4 Ra2 34. Rc8# 1-0

[Event "CYCC U10"]
[Site "Hamilton CAN"]
[Date "2022.07.08"]
[Round "1.3"]
[White "Garayev, Emil"]
[Black "Liu, Zachary"]
[Result "0-1"]
[WhiteElo "911"]
[BlackElo "1891"]
[PlyCount "72"]
[EventDate "2022.07.08"]
[EventType "swiss"]
[EventRounds "7"]
[EventCountry "CAN"]

1. e4 c5 2. Nf3 Nc6 3. Bc4 e6 4. Nc3 Nf6 5. d4 cxd4 6. Nxd4 Bc5 7. Nxc6 bxc6 8.
Bg5 h6 9. Bh4 Be7 10. Qf3 Qb6 11. b3 d5 12. exd5 cxd5 13. Bb5+ Kf8 14. O-O Bb7
15. Qd3 d4 16. Na4 Qd6 17. f3 a6 18. Bc4 Bc6 19. Bg3 Qd8 20. Rad1 Nh5 21. Bf2
Bxa4 22. bxa4 Qd7 23. Qxd4 Qxa4 24. Qd3 Qc6 25. Qb3 Nf6 26. Rfe1 g6 27. Bd4 Bc5
28. Re5 Bxd4+ 29. Rxd4 Kg7 30. Qd3 Qb6 31. Kf2 Rhd8 32. Ke3 Rd6 33. c3 Nd7 34.
Ree4 e5 35. Rg4 exd4+ 36. cxd4 Ne5 0-1

[Event "CYCC U10"]
[Site "Hamilton CAN"]
[Date "2022.07.08"]
[Round "1.4"]
[White "Zhu, Elber"]
[Black "Zhang, Andy"]
[Result "1-0"]
[WhiteElo "1712"]
[BlackElo "908"]
[PlyCount "69"]
[EventDate "2022.07.08"]
[EventType "swiss"]
[EventRounds "7"]
[EventCountry "CAN"]

1. d4 e5 2. dxe5 Nc6 3. Nf3 Qe7 4. e3 Nxe5 5. Nc3 Nf6 6. Be2 Nc6 7. O-O Qd8 8.
e4 d6 9. Bg5 Be7 10. Bc4 Bg4 11. h3 Bh5 12. Bxf6 Bxf6 13. Qd5 Bg6 14. Bb5 Qd7
15. Rad1 O-O 16. e5 Be7 17. exd6 Qxd6 18. Rfe1 Rfe8 19. Ne5 Qxd5 20. Nxd5 Bd6
21. Nxc6 Rxe1+ 22. Rxe1 bxc6 23. Bxc6 Rb8 24. c3 h6 25. b4 Bf5 26. Ne7+ Bxe7
27. Rxe7 a5 28. a3 axb4 29. axb4 Rd8 30. h4 Rd3 31. c4 Rc3 32. Bd5 Bg6 33. Rxc7
Rc1+ 34. Kh2 Rc2 35. Kg3 1-0

[Event "CYCC U10"]
[Site "Hamilton CAN"]
[Date "2022.07.08"]
[Round "1.5"]
[White "Mohanty, Samanyu"]
[Black "Ajith, Aayush"]
[Result "0-1"]
[WhiteElo "903"]
[BlackElo "1636"]
[PlyCount "62"]
[EventDate "2022.07.08"]
[EventType "swiss"]
[EventRounds "7"]
[EventCountry "CAN"]

1. e4 c5 2. Nf3 d6 3. d4 cxd4 4. Nxd4 Nf6 5. Nc3 a6 6. Bc4 e6 7. Nf3 Be7 8. e5
dxe5 9. Qxd8+ Bxd8 10. Nxe5 Bc7 11. Nf3 b5 12. Bd3 Bb7 13. Be3 Nbd7 14. O-O-O
Ng4 15. h3 Nxe3 16. fxe3 Rd8 17. Kb1 Nf6 18. h4 Ng4 19. Rhg1 Nxe3 20. Rde1 Ng4
21. Rgf1 Bg3 22. Re2 O-O 23. Be4 b4 24. Na4 Bxe4 25. Rxe4 Nf2 26. Rxb4 Nd1 27.
Kc1 Ne3 28. Rg1 Bf2 29. Rh1 Nxg2 30. Rh2 Be3+ 31. Kb1 Rd1# 0-1

[Event "CYCC U10"]
[Site "Hamilton CAN"]
[Date "2022.07.08"]
[Round "1.6"]
[White "Deshpande, Sarthak"]
[Black "Wang, William"]
[Result "1-0"]
[WhiteElo "1595"]
[BlackElo "895"]
[PlyCount "95"]
[EventDate "2022.07.08"]
[EventType "swiss"]
[EventRounds "7"]
[EventCountry "CAN"]

1. d4 Nf6 2. c4 e6 3. Nf3 b6 4. g3 Bb7 5. Bg2 g6 6. Nc3 Bg7 7. O-O d6 8. Qc2
Nbd7 9. e4 e5 10. d5 O-O 11. Bd2 Nh5 12. Rac1 Qe7 13. a3 a5 14. Bh3 Nhf6 15.
Rce1 Ba6 16. Nb5 Bxb5 17. cxb5 Nc5 18. b4 axb4 19. axb4 Nb7 20. Ra1 h6 21. Ra6
Kh7 22. Rfa1 Rab8 23. Ra7 Ne8 24. Be3 Qf6 25. Bg2 Qe7 26. Nh4 Bf6 27. Nf3 Bg7
28. g4 Nf6 29. h3 h5 30. g5 Ne8 31. h4 f6 32. Bh3 fxg5 33. Nxg5+ Kh8 34. Bg2
Bf6 35. Ne6 Rg8 36. Bg5 Bxg5 37. hxg5 Kh7 38. Rc1 Kh8 39. Qd2 Kh7 40. Rc2 Kh8
41. Qc1 Nd8 42. Nxc7 Nf7 43. Ra3 Nxg5 44. Rg3 Qf6 45. Nxe8 Rgxe8 46. Qxg5 Qf7
47. Qxg6 Qa7 48. Qh6+ 1-0

[Event "CYCC U10"]
[Site "Hamilton CAN"]
[Date "2022.07.08"]
[Round "1.7"]
[White "Shaik, Muhammad Aman"]
[Black "Li, Triston"]
[Result "0-1"]
[WhiteElo "892"]
[BlackElo "1533"]
[PlyCount "48"]
[EventDate "2022.07.08"]
[EventType "swiss"]
[EventRounds "7"]
[EventCountry "CAN"]

1. e4 e5 2. Nf3 Nf6 3. Qe2 Nc6 4. Qe3 b6 5. Bb5 Bc5 6. Qe2 Nd4 7. Nxd4 Bxd4 8.
c3 Bc5 9. d3 c6 10. Bc4 O-O 11. O-O h6 12. Rd1 d5 13. exd5 cxd5 14. Bb5 Bg4 15.
Qd2 Bxd1 16. Qxd1 Qc8 17. Qf3 e4 18. dxe4 dxe4 19. Qg3 Qg4 20. Qxg4 Nxg4 21.
Bc6 Rad8 22. Nd2 Nxf2 23. b4 Be3 24. Nxe4 Rd1# 0-1

[Event "CYCC U10"]
[Site "Hamilton CAN"]
[Date "2022.07.08"]
[Round "1.8"]
[White "Gao, Heye"]
[Black "Buitelaar, Jake"]
[Result "1-0"]
[WhiteElo "1521"]
[BlackElo "886"]
[PlyCount "71"]
[EventDate "2022.07.08"]
[EventType "swiss"]
[EventRounds "7"]
[EventCountry "CAN"]

1. e4 e5 2. Nf3 Nc6 3. Bc4 Nf6 4. d3 Bc5 5. Nc3 O-O 6. Bg5 h6 7. Bh4 g5 8. Bg3
d6 9. h3 b6 10. Nh2 Bb4 11. Qd2 Na5 12. Bb3 Nxb3 13. axb3 Be6 14. h4 Ng4 15.
Nxg4 Bxg4 16. f3 Be6 17. Bf2 Re8 18. hxg5 Qxg5 19. Be3 Qg3+ 20. Kf1 Kf8 21.
Bxh6+ Ke7 22. Nd5+ Bxd5 23. Qxb4 c5 24. Qd2 Rh8 25. exd5 Rag8 26. Rxa7+ Kf6 27.
Rh3 Qg6 28. Rd7 Qf5 29. Rxd6+ Ke7 30. Rxb6 Rg6 31. Rb7+ Kd6 32. Rb6+ Kc7 33.
Rxg6 Qxg6 34. Qe3 Qa6 35. Qxe5+ Qd6 36. Qxh8 1-0

[Event "CYCC U10"]
[Site "Hamilton CAN"]
[Date "2022.07.08"]
[Round "1.9"]
[White "Lee, Daniel"]
[Black "Allahverdi, Umid"]
[Result "0-1"]
[WhiteElo "873"]
[BlackElo "1443"]
[PlyCount "82"]
[EventDate "2022.07.08"]
[EventType "swiss"]
[EventRounds "7"]
[EventCountry "CAN"]

1. e4 c5 2. Nf3 d6 3. d4 cxd4 4. Nxd4 Nf6 5. Nc3 a6 6. Bd3 e5 7. Nf3 Be6 8. Be3
Be7 9. O-O O-O 10. Ng5 Nc6 11. Nxe6 fxe6 12. f4 exf4 13. Bxf4 Qb6+ 14. Kh1 Qxb2
15. Bd2 Qb6 16. Rb1 Qc7 17. Bc4 Qd7 18. Na4 Bd8 19. Nc3 b5 20. Bb3 Na5 21. Qf3
Nxb3 22. Rxb3 Bc7 23. Qe2 Rf7 24. Nd1 Raf8 25. Rbf3 Qc6 26. e5 dxe5 27. Bc3 e4
28. R3f2 Qd6 29. g3 Qc6 30. Kg1 Bb6 31. Ne3 Qxc3 32. Re1 Ng4 33. Nxg4 Bxf2+ 34.
Nxf2 Rxf2 35. Qxe4 Qc4 36. Qe5 Rf1+ 37. Kg2 Rxe1 38. Qxe1 Qxc2+ 39. Kg1 Qxa2
40. Qxe6+ Qxe6 41. h4 Qe2 0-1

[Event "CYCC U10"]
[Site "Hamilton CAN"]
[Date "2022.07.08"]
[Round "1.10"]
[White "Wu, Nicholas"]
[Black "Chan, Bryan"]
[Result "1-0"]
[WhiteElo "1395"]
[BlackElo "869"]
[PlyCount "55"]
[EventDate "2022.07.08"]
[EventType "swiss"]
[EventRounds "7"]
[EventCountry "CAN"]

1. d4 d5 2. Bf4 Bf5 3. e3 e6 4. c4 Bxb1 5. Qxb1 Bb4+ 6. Kd1 Nf6 7. Nf3 Ne4 8.
Qc2 Nc6 9. c5 Bd2 10. Bg3 Nxg3 11. hxg3 Ba5 12. a3 b6 13. Bb5 Qd7 14. Ne5 Nxe5
15. Bxd7+ Nxd7 16. b4 bxc5 17. dxc5 Bxb4 18. axb4 Ne5 19. Qc3 f6 20. Ra6 Ng4
21. Ke2 e5 22. Qd3 Ke7 23. Qxd5 Nh6 24. Re6+ Kf8 25. Rxh6 gxh6 26. Rxf6+ Ke8
27. Qe6+ Kd8 28. Rf7 1-0

[Event "CYCC U10"]
[Site "Hamilton CAN"]
[Date "2022.07.08"]
[Round "1.11"]
[White "Wang, Patrick"]
[Black "Dunikov, David"]
[Result "0-1"]
[WhiteElo "868"]
[BlackElo "1337"]
[PlyCount "96"]
[EventDate "2022.07.08"]
[EventType "swiss"]
[EventRounds "7"]
[EventCountry "CAN"]

1. e4 e5 2. Nf3 d5 3. Nc3 d4 4. Ne2 Nc6 5. d3 Bb4+ 6. Bd2 Bxd2+ 7. Qxd2 Nf6 8.
Ng3 Bg4 9. Be2 Qe7 10. h3 Bxf3 11. Bxf3 O-O-O 12. Nf5 Qb4 13. Qxb4 Nxb4 14.
O-O-O Nxa2+ 15. Kb1 Nb4 16. Bg4 Nxg4 17. hxg4 g6 18. Nh4 Rd6 19. Nf3 f6 20. g5
c5 21. gxf6 Rxf6 22. Rhf1 Re8 23. Ng5 h6 24. Nf3 b5 25. b3 a5 26. Rh1 h5 27.
Kb2 a4 28. bxa4 bxa4 29. Ra1 Rb6 30. Kc1 Ra6 31. Nh4 Rf8 32. f3 Rf4 33. Kd2
Rff6 34. c4 dxc3+ 35. Kxc3 Rfd6 36. Rhd1 Rd4 37. g3 a3 38. f4 exf4 39. gxf4 a2
40. f5 Ra3+ 41. Kb2 Raxd3 42. Rxd3 Rxd3 43. Rc1 gxf5 44. exf5 Rh3 45. Rxc5+ Kd7
46. Rc4 Rh2+ 47. Ka1 Rh1+ 48. Kb2 a1=Q+ 0-1

[Event "CYCC U10"]
[Site "Hamilton CAN"]
[Date "2022.07.08"]
[Round "1.12"]
[White "Justason, Magnus"]
[Black "Zhuang, Samuel"]
[Result "1-0"]
[WhiteElo "1336"]
[BlackElo "862"]
[PlyCount "67"]
[EventDate "2022.07.08"]
[EventType "swiss"]
[EventRounds "7"]
[EventCountry "CAN"]

1. d4 d5 2. c4 c6 3. Nf3 Nf6 4. Bg5 Ne4 5. e3 Nxg5 6. Nxg5 e5 7. Nf3 e4 8. Nfd2
Bb4 9. a3 Bxd2+ 10. Nxd2 O-O 11. cxd5 cxd5 12. g3 Nc6 13. Bg2 f5 14. O-O Qf6
15. Qb3 Rd8 16. f3 Nxd4 17. exd4 Qxd4+ 18. Kh1 Qxd2 19. fxe4 fxe4 20. Bxe4 Kh8
21. Rad1 Qe2 22. Qxd5 Be6 23. Qxd8+ Rxd8 24. Rxd8+ Bg8 25. Bg2 Qe7 26. Rdf8 Qe6
27. h4 h6 28. Rd8 Kh7 29. Kh2 Qe2 30. Rff8 Bb3 31. Rfe8 Qxb2 32. h5 g5 33. Re7+
Qg7 34. Be4# 1-0

[Event "CYCC U10"]
[Site "Hamilton CAN"]
[Date "2022.07.08"]
[Round "1.13"]
[White "Chua, Zachary"]
[Black "Guillemette, Thomas"]
[Result "0-1"]
[WhiteElo "861"]
[BlackElo "800"]
[PlyCount "134"]
[EventDate "2022.07.08"]
[EventType "swiss"]
[EventRounds "7"]
[EventCountry "CAN"]

1. e4 c5 2. Nf3 d6 3. Nc3 Nf6 4. Be2 g6 5. d3 Bg7 6. Be3 Nc6 7. Qd2 a6 8. a4
Nb4 9. Na2 Nc6 10. O-O O-O 11. b4 Ng4 12. h3 Nxe3 13. fxe3 Bxa1 14. Rxa1 cxb4
15. Nxb4 Nxb4 16. Qxb4 Qc7 17. Rc1 Qc5 18. Qxc5 dxc5 19. a5 Bd7 20. d4 cxd4 21.
exd4 f6 22. Bc4+ Kg7 23. Rb1 Rab8 24. Kf2 Rfc8 25. Bd3 Ba4 26. Rb2 Rc7 27. Ke2
h5 28. h4 Rc6 29. Kd2 b6 30. Bxa6 b5 31. Bxb5 Rxb5 32. Rxb5 Bxb5 33. d5 Ra6 34.
Nd4 Rxa5 35. Kc3 Bd7 36. Kb4 Ra1 37. c4 Rb1+ 38. Kc3 Rg1 39. c5 Rxg2 40. c6 Bc8
41. c7 Rg1 42. Nc6 Kf7 43. e5 Rc1+ 44. Kd4 Rxc6 45. dxc6 Ke6 46. Kc5 fxe5 47.
Kb6 Kd6 48. Kb5 Kxc7 49. Kc5 e6 50. Kc4 Kxc6 51. Kc3 Kd5 52. Kd3 Ba6+ 53. Ke3
e4 54. Kf4 Kd4 55. Kg5 Bb5 56. Kxg6 Be8+ 57. Kf6 e3 58. Kxe6 e2 59. Ke7 e1=Q+
60. Kf6 Bg6 61. Kxg6 Qe5 62. Kf7 Qd6 63. Kg7 Qe6 64. Kh8 Qe7 65. Kg8 Ke5 66.
Kh8 Kf6 67. Kg8 Qg7# 0-1

[Event "CYCC U10"]
[Site "Hamilton CAN"]
[Date "2022.07.08"]
[Round "1.14"]
[White "Su, Jayden"]
[Black "Sun, Erik"]
[Result "1-0"]
[WhiteElo "1267"]
[BlackElo "853"]
[PlyCount "85"]
[EventDate "2022.07.08"]
[EventType "swiss"]
[EventRounds "7"]
[EventCountry "CAN"]

1. e4 c6 2. d4 f6 3. Nc3 e6 4. Nf3 d5 5. e5 f5 6. Bd3 Ne7 7. O-O h6 8. Ne1 Na6
9. a3 Bd7 10. f4 Qc7 11. b4 c5 12. Nb5 Bxb5 13. Bxb5+ Kd8 14. Bxa6 bxa6 15.
dxc5 g5 16. g3 gxf4 17. gxf4 Rg8+ 18. Kh1 Qb7 19. Qf3 Nc6 20. Bb2 Qb5 21. Qd3
Qb7 22. Nf3 Qg7 23. Rg1 Qf7 24. Qxa6 Rxg1+ 25. Rxg1 Qc7 26. Qe2 Kd7 27. Nd4
Nxd4 28. Bxd4 a5 29. Qb5+ Kd8 30. Qb6 Qxb6 31. cxb6 axb4 32. axb4 Rb8 33. Bc5
Ke8 34. Rg8 Kf7 35. Rxf8+ Rxf8 36. Bxf8 Kxf8 37. b7 Kg8 38. b8=Q+ Kg7 39. Qd8
Kg6 40. Qf6+ Kh5 41. Qg7 Kh4 42. b5 h5 43. Qg3# 1-0

[Event "CYCC U10"]
[Site "Hamilton CAN"]
[Date "2022.07.08"]
[Round "1.15"]
[White "Zhang, Nathan"]
[Black "Jutras, Arnaud"]
[Result "0-1"]
[WhiteElo "813"]
[BlackElo "1263"]
[PlyCount "76"]
[EventDate "2022.07.08"]
[EventType "swiss"]
[EventRounds "7"]
[EventCountry "CAN"]

1. e4 c6 2. d4 d5 3. e5 c5 4. c3 Nc6 5. Nf3 Bg4 6. Be2 e6 7. h3 Bh5 8. O-O Qb6
9. dxc5 Bxc5 10. b4 Be7 11. Be3 Qc7 12. Na3 a6 13. b5 Bxa3 14. bxc6 bxc6 15.
Qa4 Be7 16. Nd4 Bxe2 17. Nxe2 Bd8 18. Nd4 Ne7 19. Bg5 O-O 20. Bxe7 Bxe7 21.
Nxc6 Bc5 22. Nd4 Qxe5 23. Nc6 Qxc3 24. Rfc1 Qa3 25. Qh4 Rac8 26. Ne5 Bxf2+ 27.
Qxf2 Rxc1+ 28. Rxc1 Qxc1+ 29. Kh2 Qc7 30. Qf4 f6 31. Nd3 Qxf4+ 32. Nxf4 Kf7 33.
Kg3 Rc8 34. h4 Rc3+ 35. Kg4 Ra3 36. h5 Rxa2 37. Kh4 Ra4 38. g3 e5 0-1

[Event "CYCC U10"]
[Site "Hamilton CAN"]
[Date "2022.07.08"]
[Round "1.16"]
[White "Bi, William"]
[Black "Shen, Denis"]
[Result "0-1"]
[WhiteElo "1204"]
[BlackElo "798"]
[PlyCount "46"]
[EventDate "2022.07.08"]
[EventType "swiss"]
[EventRounds "7"]
[EventCountry "CAN"]

1. e4 e5 2. Nf3 Nc6 3. Bc4 h6 4. Nc3 Nf6 5. d3 a6 6. Be3 d6 7. h3 Be7 8. a3 Nh5
9. d4 Nf4 10. O-O O-O 11. Qd2 Bg5 12. dxe5 Nxe5 13. Nxe5 dxe5 14. Rad1 Qf6 15.
Nd5 Qc6 16. Bxf4 exf4 17. Qe2 f3 18. gxf3 Bxh3 19. Rfe1 Qg6 20. Kh2 Be6 21. Rh1
c6 22. f4 cxd5 23. exd5 Bxf4# 0-1

[Event "CYCC U10"]
[Site "Hamilton CAN"]
[Date "2022.07.08"]
[Round "1.17"]
[White "Maslov, Yan"]
[Black "Yang, Nathan"]
[Result "0-1"]
[WhiteElo "792"]
[BlackElo "1169"]
[PlyCount "50"]
[EventDate "2022.07.08"]
[EventType "swiss"]
[EventRounds "7"]
[EventCountry "CAN"]

1. e4 c6 2. d4 d5 3. exd5 cxd5 4. c4 e6 5. cxd5 exd5 6. Nf3 Bd6 7. Nc3 Nf6 8.
Bg5 Be7 9. Bd3 Bg4 10. Qb3 Bxf3 11. gxf3 Nc6 12. Qxb7 Nxd4 13. O-O-O O-O 14.
Rhe1 Bc5 15. Bxf6 Qxf6 16. Qxd5 Qf4+ 17. Re3 Ne6 18. Rde1 Rad8 19. Qe4 Bxe3+
20. Qxe3 Rxd3 21. Kc2 Rxe3 22. fxe3 Qxh2+ 23. Re2 Qh5 24. Ne4 Qxf3 25. Kd3 Rd8+
0-1

[Event "CYCC U10"]
[Site "Hamilton CAN"]
[Date "2022.07.08"]
[Round "1.18"]
[White "Patil, Tanishq"]
[Black "Yang, Larry"]
[Result "0-1"]
[WhiteElo "1111"]
[BlackElo "764"]
[PlyCount "72"]
[EventDate "2022.07.08"]
[EventType "swiss"]
[EventRounds "7"]
[EventCountry "CAN"]

1. d4 d5 2. Bf4 Nf6 3. e3 a6 4. Nf3 Nc6 5. c4 Bg4 6. Nc3 e6 7. Bd3 Bb4 8. h3
Bh5 9. Rg1 Qe7 10. a3 Bd6 11. Bg5 dxc4 12. Bxc4 h6 13. Bxf6 Qxf6 14. g4 Bg6 15.
Be2 Qe7 16. Qb3 Na5 17. Qa4+ Nc6 18. Bb5 O-O 19. Bxc6 bxc6 20. Qxc6 Rfb8 21.
Ra2 Qf8 22. Qc4 Rb7 23. Qe2 a5 24. Qd2 Rab8 25. Ke2 Rd8 26. Qc1 c5 27. Rd1 Rbd7
28. Rd2 Qe7 29. Kf1 cxd4 30. Rxd4 e5 31. Rd2 e4 32. Nd4 Be5 33. Nc6 Qe8 34.
Rxd7 Rxd7 35. Nxe5 Qxe5 36. Nxe4 Rc7 0-1

[Event "CYCC U10"]
[Site "Hamilton CAN"]
[Date "2022.07.08"]
[Round "1.19"]
[White "Chen, Tymon"]
[Black "Li, Ryan"]
[Result "1-0"]
[WhiteElo "647"]
[BlackElo "1110"]
[PlyCount "98"]
[EventDate "2022.07.08"]
[EventType "swiss"]
[EventRounds "7"]
[EventCountry "CAN"]

1. c4 Nf6 2. d4 c5 3. Nf3 cxd4 4. Nxd4 e5 5. Nb3 Bc5 6. Nxc5 Qa5+ 7. Nc3 Qxc5
8. e3 O-O 9. Be2 Nc6 10. O-O d6 11. e4 Be6 12. b3 Nd4 13. Be3 Qc6 14. Bxd4 exd4
15. Qxd4 Rfe8 16. Bf3 Bg4 17. Bxg4 Nxg4 18. Rfe1 Re7 19. Nd5 Re6 20. h3 Nf6 21.
e5 dxe5 22. Rxe5 Rxe5 23. Qxe5 Qe6 24. Qxe6 fxe6 25. Nc7 Rc8 26. Nxe6 Re8 27.
Nc7 Re2 28. Kf1 Rd2 29. Nb5 a6 30. Ke1 Ne4 31. f3 axb5 32. fxe4 Rxg2 33. cxb5
Rg5 34. a4 Re5 35. Kd2 Rxe4 36. Rc1 Rh4 37. Rc8+ Kf7 38. Rc7+ Kg6 39. Rxb7 Rxh3
40. b4 Rh2+ 41. Kc3 Rh3+ 42. Kc4 Ra3 43. a5 h5 44. a6 h4 45. Rb6+ Kg5 46. Rb7
h3 47. Rxg7+ Kf6 48. Rh7 Kg6 49. Rh8 Rg3 1-0

[Event "CYCC U10"]
[Site "Hamilton CAN"]
[Date "2022.07.08"]
[Round "1.20"]
[White "Yang, Jayden"]
[Black "Tsukerman, Leon"]
[Result "1-0"]
[WhiteElo "1071"]
[BlackElo "593"]
[PlyCount "77"]
[EventDate "2022.07.08"]
[EventType "swiss"]
[EventRounds "7"]
[EventCountry "CAN"]

1. e4 c5 2. Nf3 Nc6 3. d4 cxd4 4. Nxd4 Nxd4 5. Qxd4 Nf6 6. e5 Ng8 7. Bc4 d5 8.
Qxd5 Qxd5 9. Bxd5 e6 10. Be4 Bc5 11. Nc3 Ne7 12. Bf4 Bd7 13. f3 Bc6 14. O-O-O
O-O 15. h4 Rad8 16. Bg5 Rd7 17. Bxc6 Nxc6 18. Rxd7 h6 19. Bf4 Rd8 20. Rxd8+
Nxd8 21. Rd1 Nc6 22. Ne4 Bd4 23. Nd6 Bxe5 24. Bxe5 Nxe5 25. Nxb7 Kh7 26. Nd6
Kg6 27. Kd2 Kh5 28. c4 Kxh4 29. c5 Kg3 30. Re1 f6 31. Rxe5 fxe5 32. c6 h5 33.
c7 h4 34. c8=Q Kxg2 35. Qxe6 h3 36. Qg4+ Kh2 37. Ne4 a6 38. Qg3+ Kh1 39. Nf2#
1-0

[Event "CYCC U10"]
[Site "Hamilton CAN"]
[Date "2022.07.08"]
[Round "1.21"]
[White "Shah, Ameya"]
[Black "Chen, Yuxuan"]
[Result "0-1"]
[WhiteElo "535"]
[BlackElo "1043"]
[PlyCount "96"]
[EventDate "2022.07.08"]
[EventType "swiss"]
[EventRounds "7"]
[EventCountry "CAN"]

1. d4 d5 2. c4 e6 3. c5 e5 4. e3 exd4 5. exd4 Nf6 6. Bg5 Nc6 7. Nf3 Bf5 8. Bd3
Bxd3 9. Qxd3 Be7 10. O-O O-O 11. Nc3 b6 12. cxb6 axb6 13. Qb5 Qd6 14. Qd3 h6
15. Bh4 Rad8 16. Bg3 Qd7 17. Rfe1 Nb4 18. Qe2 Rfe8 19. Qb5 Nc2 20. Qxd7 Rxd7
21. Ne5 Rd6 22. Nf3 Nxe1 23. Bxd6 Nxf3+ 24. gxf3 Bxd6 25. Nb5 Re2 26. b3 Bb4
27. a3 c6 28. axb4 cxb5 29. Kf1 Rd2 30. Kg1 Rxd4 31. Ra8+ Kh7 32. Rb8 Rxb4 33.
Rxb6 Rxb3 34. Kg2 d4 35. Rd6 d3 36. Rd4 b4 37. Kf1 Rb1+ 38. Kg2 Nh5 39. Rd7 b3
40. Rxf7 d2 41. Rd7 d1=Q 42. Rxd1 Rxd1 43. Kh3 b2 44. Kg2 b1=Q 45. Kh3 Qg6 46.
Kh4 Rd4+ 47. Kh3 Nf4+ 48. Kh4 Qg5# 0-1

[Event "CYCC U10"]
[Site "Hamilton CAN"]
[Date "2022.07.08"]
[Round "1.22"]
[White "Yao, Mike"]
[Black "Au-Yeung, Liam"]
[Result "1-0"]
[WhiteElo "1043"]
[BlackElo "987"]
[PlyCount "169"]
[EventDate "2022.07.08"]
[EventType "swiss"]
[EventRounds "7"]
[EventCountry "CAN"]

1. e4 e5 2. Nf3 Nc6 3. Bc4 Nf6 4. Ng5 d5 5. exd5 Na5 6. Bb5+ c6 7. dxc6 bxc6 8.
Be2 Bc5 9. O-O O-O 10. a3 h6 11. Nf3 e4 12. Ne1 Bd6 13. f4 Qb6+ 14. Kh1 Qc7 15.
d3 Be6 16. dxe4 Nxe4 17. Nc3 Nf6 18. Nd3 Nd5 19. Nxd5 Bxd5 20. Bf3 Rfe8 21.
Bxd5 cxd5 22. Bd2 Rac8 23. c3 Re4 24. Qg4 Nb3 25. Rad1 Nxd2 26. Rxd2 Rce8 27.
Rdd1 R8e6 28. Qg3 Rf6 29. Ne5 Bxe5 30. fxe5 Rxf1+ 31. Rxf1 Rxe5 32. Rd1 Qd6 33.
Kg1 Qb6+ 34. Kh1 Qe6 35. h3 Rg5 36. Qf3 Rf5 37. Qg3 Rg5 38. Qd3 Re5 39. Qg3 Rg5
40. Qf2 Rf5 41. Qg1 Qe2 42. Re1 Qxb2 43. Qd4 Qb5 44. Qg4 Rf1+ 45. Rxf1 Qxf1+
46. Kh2 Qf6 47. Qc8+ Kh7 48. Qb7 Qxc3 49. Qxd5 Qxa3 50. Qf5+ Kg8 51. Qc8+ Kh7
52. Qc2+ Kh8 53. Qe2 Qd6+ 54. Kh1 a5 55. Qe8+ Kh7 56. Qxf7 Qd1+ 57. Kh2 Qd6+
58. Kg1 Qd4+ 59. Kf1 Qd1+ 60. Kf2 Qd2+ 61. Kg3 Qg5+ 62. Kh2 Qe5+ 63. Kh1 Qe1+
64. Kh2 Qe5+ 65. Kh1 a4 66. Qa2 Qb5 67. Qc2+ g6 68. Qc7+ Kg8 69. Qd8+ Kf7 70.
Qc7+ Ke6 71. Qf4 Qf5 72. Qxa4 Qf1+ 73. Kh2 g5 74. Qa3 Qf4+ 75. Kh1 h5 76. Qa8
Ke5 77. Qe8+ Kf5 78. Qxh5 Qf1+ 79. Kh2 Qf4+ 80. Kg1 Qe3+ 81. Kf1 Qf4+ 82. Qf3
Qxf3+ 83. gxf3 Kf4 84. Kg2 Ke3 85. Kg3 1-0

[Event "CYCC U10"]
[Site "Hamilton CAN"]
[Date "2022.07.08"]
[Round "1.30"]
[White "Grosman, Noah"]
[Black "Xing, Percy"]
[Result "0-1"]
[WhiteElo "944"]
[BlackElo "1161"]
[PlyCount "68"]
[EventDate "2022.07.08"]
[EventType "swiss"]
[EventRounds "7"]
[EventCountry "CAN"]

1. e4 e6 2. d4 d5 3. exd5 exd5 4. Nf3 Bg4 5. h3 Bh5 6. Be2 Bd6 7. Be3 Nf6 8.
Ne5 Bxe2 9. Qxe2 Nbd7 10. f4 Qe7 11. O-O Ne4 12. Nd2 Ng3 13. Qg4 Nxf1 14. Rxf1
f6 15. Qh5+ Kd8 16. Nf7+ Kc8 17. Nxh8 Qxe3+ 18. Rf2 c6 19. Nf7 Bxf4 20. Qf5 Bg3
21. Nf1 Qxf2+ 22. Qxf2 Bxf2+ 23. Kxf2 Kc7 24. Ne3 Rf8 25. Nd6 Kxd6 26. Nf5+ Ke6
27. Nxg7+ Kf7 28. Nf5 Kg6 29. Ne7+ Kg5 30. h4+ Kf4 31. g3+ Kg4 32. h5 Re8 33.
Ng6 hxg6 34. hxg6 Rg8 0-1

[Event "CYCC U10"]
[Site "Hamilton CAN"]
[Date "2022.07.08"]
[Round "2.1"]
[White "Mendes, Aaron Reeve"]
[Black "Yang, Nathan"]
[Result "1-0"]
[WhiteElo "2106"]
[BlackElo "1169"]
[PlyCount "67"]
[EventDate "2022.07.08"]
[EventType "swiss"]
[EventRounds "7"]
[EventCountry "CAN"]

1. e4 c6 2. c4 e5 3. Nf3 d6 4. d4 Bg4 5. Be3 Nf6 6. Nc3 Nbd7 7. Be2 Be7 8. h3
Bh5 9. Qc2 h6 10. dxe5 dxe5 11. O-O-O Qc7 12. Rhf1 O-O-O 13. g4 Bg6 14. Nh4 Bh7
15. Nf5 Bxf5 16. exf5 Bc5 17. Kb1 Qb6 18. Na4 Qa5 19. Nxc5 Nxc5 20. h4 Rhe8 21.
g5 Nfe4 22. a3 Qa4 23. Bf3 Qxc2+ 24. Kxc2 Rxd1 25. Rxd1 hxg5 26. hxg5 b6 27. b4
Rd8 28. Rxd8+ Kxd8 29. bxc5 Nxc5 30. Bxc5 bxc5 31. f6 g6 32. Bxc6 a5 33. Kd3
Kc7 34. Be8 1-0

[Event "CYCC U10"]
[Site "Hamilton CAN"]
[Date "2022.07.08"]
[Round "2.2"]
[White "Xing, Percy"]
[Black "Marchand, Calix"]
[Result "0-1"]
[WhiteElo "1161"]
[BlackElo "1900"]
[PlyCount "54"]
[EventDate "2022.07.08"]
[EventType "swiss"]
[EventRounds "7"]
[EventCountry "CAN"]

1. d4 Nf6 2. c4 e6 3. Nc3 Bb4 4. Qc2 d5 5. Nf3 Ne4 6. Bd2 Nxd2 7. Qxd2 O-O 8.
e3 Nd7 9. Bd3 dxc4 10. Bxc4 Nf6 11. Bd3 b6 12. a3 Bxc3 13. bxc3 Bb7 14. Qe2 Ne4
15. Bxe4 Bxe4 16. O-O Qd5 17. Rfc1 Qh5 18. c4 f5 19. Rd1 Rf6 20. Re1 Rg6 21.
Kh1 Rxg2 22. Kxg2 Qg4+ 23. Kf1 Bxf3 24. Qxf3 Qxf3 25. Rac1 Rf8 26. Rc2 Rf6 27.
Ree2 Qh1# 0-1